Loading...
| History - World | 0 | 5 | 0 | 1 | 50 | 57 | 82.00 | 1 | 5 | 0.00 | 0.00 |
| Social Science | 0 | 4 | 0 | 0 | 40 | 57 | 84.75 | 0 | 3 | 0.00 | 0.00 |
| History - American | 0 | 3 | 0 | 0 | 30 | 21 | 44.67 | 2 | 3 | 0.00 | 0.00 |
| Science - Chemistry | 0 | 3 | 0 | 1 | 30 | 87 | 99.00 | 1 | 2 | 0.00 | 0.00 |
| History - European | 0 | 3 | 1 | 0 | 25 | 3 | 51.67 | 1 | 3 | 0.00 | 0.00 |
| Fine Arts - Other | 0 | 3 | 1 | 0 | 25 | 66 | 103.00 | 2 | 2 | 0.00 | 0.00 |
| Science - Biology | 0 | 2 | 0 | 0 | 20 | 50 | 81.50 | 1 | 1 | 0.00 | 0.00 |
| Philosophy | 0 | 2 | 0 | 0 | 20 | 100 | 105.00 | 0 | 1 | 0.00 | 0.00 |
| Literature - European | 0 | 1 | 0 | 0 | 10 | 135 | 135.00 | 0 | 0 | 0.00 | 0.00 |
| Fine Arts - Painting and Sculpture | 0 | 1 | 0 | 0 | 10 | 71 | 71.00 | 0 | 1 | 0.00 | 0.00 |
| Literature - British | 0 | 1 | 0 | 0 | 10 | 81 | 81.00 | 0 | 1 | 0.00 | 0.00 |
| Current Events | 0 | 1 | 0 | 0 | 10 | 14 | 14.00 | 0 | 1 | 0.00 | 0.00 |
| Other Academic | 0 | 1 | 0 | 1 | 10 | 108 | 108.00 | 0 | 0 | 0.00 | 0.00 |
| Popular Culture | 0 | 1 | 0 | 0 | 10 | 34 | 34.00 | 1 | 1 | 0.00 | 0.00 |
| Science - Other | 0 | 1 | 0 | 0 | 10 | 58 | 58.00 | 0 | 1 | 0.00 | 0.00 |
| Geography | 0 | 1 | 1 | 0 | 5 | 37 | 37.00 | 1 | 1 | 0.00 | 0.00 |
| Literature - World | 0 | 1 | 1 | 0 | 5 | 131 | 131.00 | 0 | 1 | 0.00 | 0.00 |
| Religion | 0 | 1 | 2 | 0 | 0 | 93 | 93.00 | 0 | 1 | 0.00 | 0.00 |
| Literature - American | 0 | 0 | 0 | 0 | 0 | 0.00 | 0 | 0 | 0.00 | 0.00 | |
| Mythology | 0 | 0 | 1 | 0 | -5 | 0.00 | 0 | 0 | 0.00 | 0.00 | |
| History - Other | 0 | 0 | 2 | 0 | -10 | 0.00 | 0 | 0 | 0.00 | 0.00 |